| 000 | 00671nam a2200241 i 4500 | ||
|---|---|---|---|
| 001 | 000033266 | ||
| 003 | DO-SdBNP | ||
| 005 | 20240308120057.0 | ||
| 007 | ta | ||
| 008 | 110823d19uu dr 000 0 spa d | ||
| 040 |
_aDO-SdBNP _bspa _cBNPHU _erda |
||
| 049 | _aBNPD | ||
| 082 | 4 | _222 | |
| 100 | 1 |
_aCoiscou Guzmán, G. A., _958877 _eautor |
|
| 245 | 1 | 0 |
_aApuntes de cátedras / _cG. A. Coiscou Guzmán. |
| 264 |
_aSanto Domingo : _bEditorama, _c19-?. |
||
| 300 |
_a150 páginas ; _c23 cm. |
||
| 336 |
_2rdacontent _atexto _btxt |
||
| 337 |
_2rdamedia _asin mediación _bn |
||
| 338 |
_2rdacarrier _avolumen _bnc |
||
| 590 | _aInventariado, 2024/BT | ||
| 942 |
_2ddc _cLBS1 |
||
| 999 |
_c32757 _d32757 |
||